000
00316nam a22001457a 4500
008
230530b ||||| |||| 00| 0 eng d
020
_a
372097
041
_a
FRA
080
_a
82
082
_a
82KEN
100
_a
38
101
_a
GJL
245
_a
L'HOMME QUI VOULAIT VIVRE SA VIE
_c
KENNEDY .D
942
_2
udc
_c
BK
999
_c
59875
_d
59875